The G.O.A.T.s of Golf - Statistics

General Stats
  • This quiz has been taken 209 times
  • The average score is 3 of 5
Answer Stats
Answer % Correct
Tiger Woods
100%
Jack Nicklaus
89%
Arnold Palmer
78%
Bobby Jones
35%
Annika Sorenstam
4%
No matching quizzes found
Score Distribution
Percent of People with Each Score
Percentile by Number Answered
Your Score History
You have not taken this quiz